Geography of Australia on a Map - Statistics

General Stats
  • This quiz has been taken 593 times
    227 since last reset
  • The average score is 38 of 221
Answers on the Map
Answers color-coded by a green-red scale on the quiz's map according to % correct below.
 
Answer Stats
Answer % Correct
Sydney
93%
Perth
92%
Melbourne
91%
Tasman National Park
90%
Tasman Sea
90%
Great Lake
85%
Canberra
84%
Adelaide
82%
Darwin
81%
Brisbane
80%
Indian Ocean
77%
Hobart
76%
New South Wales
74%
Victoria
74%
Queensland
73%
Tasmania
73%
Western Australia
72%
Alice Springs
70%
Gold Coast
69%
Coral Sea
66%
Northern Territory
66%
Uluru National Park
66%
South Australia
64%
Murray
62%
Murray river
62%
Great Barrier Reef Marine Park
60%
Cairns
58%
Great Australian Bight
56%
Cape York Peninsula
52%
Newcastle
50%
Wollongong
50%
Australian Capital Territory
42%
Great Sandy Creek
42%
Great Sandy Desert
42%
Geelong
40%
Townsville
40%
Darling River
39%
Gulf of Carpentaria
38%
Bass Strait
37%
Launceston
34%
Arafura Sea
32%
Simpson Desert
32%
Torres Strait
32%
Broome
31%
Great Victoria Desert
31%
Kangaroo Island
30%
Ballarat
29%
Rockhampton
29%
Toowoomba
28%
Albany
27%
Eyre Peninsula
27%
Kalgoorlie
27%
Bunbury
23%
Mt. Kosciuszko
23%
Nullarbor Plain
23%
Mackay,Isaac,Whitsunday
22%
Mt. Isa City
22%
Wagga Wagga
22%
Blue Mountains National Park
19%
Exmouth
19%
Lake Mackay
18%
Port Hedland
18%
Coffs Harbour
17%
Coober Pedy
17%
Geraldton
17%
Mildura
17%
Flinders Range
16%
Katherine
16%
Kimberley
16%
Lord Howe Island
16%
Devonport
15%
Dubbo
15%
Karratha
15%
King Island
15%
Lake Macquarie
15%
Tamworth
14%
Tiwi Island
14%
Daintree National Park
13%
Port Augusta
13%
Kakadu National Park
13%
Snowy River
12%
Rottnest Island
11%
Arnhem Bay
10%
Arnhem Land
10%
Gippsland
10%
Mt. Wellington/Mt. Kunanyi
10%
Shark Bay
9%
Shepparton
9%
Spencer Gulf
9%
Australian Alps
8%
Ceduna
8%
Cooper River
8%
K'gari
8%
Murray Bridge
8%
Port Philip
8%
Yorke Peninsula
7%
Grampians National Park
7%
Lake George
7%
Queenstown
7%
St. Vincent Gulf
7%
Tennant Creek
7%
Dampier Peninsula
6%
Goldfields-Esperance
6%
Bathurst Island
5%
Darling Downs & South West
5%
Fitzroy River
5%
Goulburn River
5%
Lake Torrens
5%
Mt. Bogong
5%
Southwest National Park
5%
Bluff Knoll
4%
Carnarvon National Park
4%
Furneaux Group
4%
Groote Eylandt
4%
Hunter Island
4%
Lachlan River
4%
Lake Frome
4%
Nhulunbuy
4%
Northern Rivers
4%
Stirling Range
4%
Sturt Plain
4%
Van Diemen Gulf
4%
Davenport Range
3%
Gascoyne
3%
Hamersley Range
3%
Lake Alexandrina
3%
Lake Disappointment
3%
Magnetic Island
3%
Mallee
3%
Mornington Island
3%
Mt. Bartle Frere
3%
Mt. Franklin
3%
Mt. Newman
3%
Wadeye
3%
Whitsunday Islands
3%
Bruny Island
2%
Cambridge Gulf
2%
Dorset
2%
East Arnhem
2%
Far North Region
2%
Gawler Ranges
2%
Kati Thanda Lake
2%
King George Sound
2%
Lake Eildon
2%
Limestone Coast
2%
Long Bay
2%
Mt. Bimberi
2%
Mt. Cooke
2%
Mt. Zeil
2%
Namadgi National Park
2%
Orana
2%
Purnululu National Park
2%
Shire of Diamantina
2%
Warrumbungle Range
2%
Arthur Pieman Natural Reserve
1%
Barkly Tableland
1%
Belowla Island
1%
Ben Lemond National Park
1%
Bernier Island
1%
Blackwood River
1%
Blandensburg National Park
1%
Blue Mud Bay
1%
Border Ranges National Park
1%
Central Highlands
1%
Cobourg Peninsula
1%
Collier Bay
1%
Consuelo Peak
1%
Cumberland
1%
Currawinya National Park
1%
De Grey River
1%
Dorre Island
1%
Durack Range
1%
Dutchmans Stern
1%
Eurrimbula National Park
1%
Everard Range
1%
Forestier Peninsula
1%
Glenelg River
1%
Gove Peninsula
1%
Hinchinbrook Island
1%
Jardine River National Park
1%
Joseph Bonoparte Gulf
1%
Judbarra/Gregory National Park
1%
Kent
1%
Lake Amadeus
1%
Lake Barlee
1%
Lake Carnegie
1%
Lake Dey Dey
1%
Lake Garnpung
1%
Lake Gordon
1%
Lake Hindmarsh
1%
Lake Maraboon
1%
Lake Tarrabool
1%
Lake Tyrrell
1%
Lake Yamma Yamma
1%
Lofty Range
1%
Macarthur River
1%
Macdonell Ranges
1%
Macleay River
1%
Macumba River
1%
Montgomery
1%
Mt. Bruce
1%
Mt. Dalrymple
1%
Mt. Gower
1%
Mt. Kaputar
1%
Mt. Mitchell
1%
Mt. Woodroffe
1%
Mulga Lands
1%
Nambung National Park
1%
Neele Junction Nature Reserve
1%
Nombinnine Natural Reserve
1%
Northern and Yorke
1%
Robbins Island
1%
Rocky Cape National Park
1%
Sandover River
1%
Shire of Croydon
1%
Sir Edward Pellew Group
1%
South Australia Arid Lands
1%
Staaten River
1%
Thompson River
1%
Three Hummock Island
1%
Witjira National Park
1%
No matching quizzes found
Score Distribution
Percent of People with Each Score
Percentile by Number Answered
Your Score History
You have not taken this quiz since the last reset